London Underground Challenge #3 - Camden to Green Park - Statistics

General Stats
  • This quiz has been taken 25 times
    23 since last reset
  • The average score is 8 of 12
Answer Stats
Route (Lines) Interchange station % Correct
Northern & Victoria Euston
89%
Northern & Piccadilly/Victoria King's Cross St Pancras
89%
Northern & Victoria Warren Street
78%
Mildmay & Jubilee Brondesbury/Kilburn
67%
Mildmay & Jubilee Finchley Road & Frognal/Finchley Road
67%
Mildmay & Victoria Highbury & Islington
67%
Northern & Jubilee Waterloo
67%
Mildmay & Jubilee West Hampstead
67%
Northern & Piccadilly Leicester Square
61%
Northern & Jubilee London Bridge
61%
Northern & Victoria Stockwell
56%
Mildmay & Jubilee Stratford
56%
No matching quizzes found
Score Distribution
Percent of People with Each Score
Percentile by Number Answered
Your Score History
You have not taken this quiz since the last reset